तब और अब / (Record no. 111491)

MARC details
000 -LEADER
fixed length control field 01101nam a22002777a 4500
003 - CONTROL NUMBER IDENTIFIER
control field dpl
005 - DATE AND TIME OF LATEST TRANSACTION
control field 20181119165306.0
008 - FIXED-LENGTH DATA ELEMENTS--GENERAL INFORMATION
fixed length control field 181119b ||||| |||| 00| 0 eng d
010 ## - LIBRARY OF CONGRESS CONTROL NUMBER
LC control number B-236795
020 ## - INTERNATIONAL STANDARD BOOK NUMBER
Terms of availability 495.00
International Standard Book Number 9788189859459
035 ## - SYSTEM CONTROL NUMBER
System control number B-236795
037 ## - SOURCE OF ACQUISITION
Source of stock number/acquisition BPPD/PUB
040 ## - CATALOGING SOURCE
Original cataloging agency DPL
Language of cataloging HN
Transcribing agency 0
082 ## - DEWEY DECIMAL CLASSIFICATION NUMBER
Classification number 808.88
Item number मेहता
100 ## - MAIN ENTRY--PERSONAL NAME
Personal name मेहता, आलोक
9 (RLIN) 2125
245 ## - TITLE STATEMENT
Title तब और अब /
Statement of responsibility, etc आलोक मेहता
246 ## - VARYING FORM OF TITLE
Title proper/short title Tab aur ab
Remainder of title by Aalok Mehta
260 ## - PUBLICATION, DISTRIBUTION, ETC. (IMPRINT)
Name of publisher, distributor, etc किताबघर प्रकाशन
Place of publication, distribution, etc नई दिल्ली
Date of publication, distribution, etc 2007
270 ## - ADDRESS
Address 4855-56/24, अंसारी रोड, दरियागंज
City नई दिल्ली
Postal code 110002
300 ## - PHYSICAL DESCRIPTION
Extent 437पृ.
Dimensions 20सेमी (सजिल्द)
650 ## - SUBJECT ADDED ENTRY--TOPICAL TERM
Topical term or geographic name as entry element हिंदी - साहित्य और संस्कृति
9 (RLIN) 43126
650 ## - SUBJECT ADDED ENTRY--TOPICAL TERM
Topical term or geographic name as entry element हिंदी साहित्य
9 (RLIN) 43127
650 ## - SUBJECT ADDED ENTRY--TOPICAL TERM
Topical term or geographic name as entry element Hindi - literature and culture
9 (RLIN) 43128
650 ## - SUBJECT ADDED ENTRY--TOPICAL TERM
Topical term or geographic name as entry element Hindi literature
9 (RLIN) 43129
942 ## - ADDED ENTRY ELEMENTS (KOHA)
Source of classification or shelving scheme Dewey Decimal Classification
Koha item type Hindi Books
Classification part 808.88
Call number suffix मेहता
Holdings
Withdrawn status Lost status Damaged status Not for loan Home library Current library Date acquired Source of acquisition Cost, normal purchase price Total Checkouts Full call number Barcode Date last seen Copy number Cost, replacement price Price effective from Koha item type Source of classification or shelving scheme Collection code
        Central Library Central Library 03/08/2015 Cen Lib/Ret 495.00   808.88 मेहता B-236787 03/08/2015 1 495.00 03/08/2015 Hindi Books    
        Shahdara Branch Shahdara Branch 19/11/2018 BPPD/PUB 495.00   808.88 मेहता B-236795 19/11/2018   495.00 19/11/2018 Hindi Books Dewey Decimal Classification Non-fiction

© Delhi Public Library
Hit Counter
free hit counter